[Event "Torneo Citta' di Milano A"]
[Site "Milano ITA"]
[Date "2007.05.18"]
[Round "1"]
[White "Rozzoni, Davide"]
[Black "Madaschi, Sergio"]
[Result "1-0"]
[WhiteElo "1765"]
[BlackElo "1511"]
[PlyCount "117"]
[EventDate "2007.05.18"]

1.g3 Nf6 2.Bg2 g6 3.b3 Bg7 4.Bb2 O-O 5.e3 d6 6.Ne2 e5 7.d3 Bd7 8.Bxb7 Bc6 
9.Bxa8 Bxa8 10.e4 Nbd7 11.c4 c6 12.Nd2 Qc7 13.Rc1 Qa5 14.Bc3 Qb6 15.b4 d5 
16.c5 Qa6 17.Qc2 Re8 18.O-O Qc8 19.Rcd1 a6 20.Rfe1 Nf8 21.Kg2 h5 22.d4 
N6d7 23.h3 Ne6 24.dxe5 Nxe5 25.f4 Nd7 26.Bxg7 Nxg7 27.Nd4 Nf8 28.Rf1 Nge6 
29.Nxe6 Nxe6 30.Rde1 Nf8 31.Nf3 Qd7 32.Nd4 Bb7 33.f5 Bc8 34.g4 h4 35.e5 
Qc7 36.Nf3 Qd8 37.Qd2 gxf5 38.gxf5 Bxf5 39.Qg5+ Qxg5+ 40.Nxg5 Bg6 41.Rf6 
Ne6 42.Nxe6 Rxe6 43.Rxe6 fxe6 44.Kf3 Bf5 45.Kg2 Kg7 46.Re3 Kg6 47.Ra3 d4 
48.Rxa6 d3 49.Ra8 d2 50.Rd8 Be4+ 51.Kf2 Bd5 52.Ke2 Bxa2 53.Kxd2 Bc4 54.Rd4
Bd5 55.b5 cxb5 56.Rxd5 exd5 57.c6 b4 58.c7 b3 59.c8=Q 1-0

[Event "Torneo Citta' di Milano A"]
[Site "Milano ITA"]
[Date "2007.05.18"]
[Round "1"]
[White "Sciarra, Giuseppe"]
[Black "Giannini, Mario"]
[Result "1-0"]
[WhiteElo "1568"]
[BlackElo "1780"]
[PlyCount "39"]
[EventDate "2007.05.18"]

1.e4 c5 2.Nf3 d6 3.d4 cxd4 4.Nxd4 Nf6 5.Nc3 a6 6.h3 e5 7.Nf3 Be7 8.Bd3 
Nbd7 9.O-O b5 10.Be3 Bb7 11.Nd2 d5 12.exd5 Nxd5 13.Nxd5 Bxd5 14.c4 bxc4 
15.Bxc4 Bb7 16.Qb3 Rb8 17.Bxf7+ Kf8 18.Qe6 Bc8 19.Bh5 g6 20.Bh6+ 1-0

[Event "Torneo Citta' di Milano A"]
[Site "Milano ITA"]
[Date "2007.05.18"]
[Round "1"]
[White "Travaglini, Renzo"]
[Black "Villalba, Fernando"]
[Result "1-0"]
[WhiteElo "1616"]
[BlackElo "1896"]
[PlyCount "103"]
[EventDate "2007.05.18"]

1.e4 c5 2.Nf3 Nc6 3.c3 d6 4.d4 cxd4 5.cxd4 e6 6.Bc4 Nf6 7.Bg5 Be7 8.Bxf6 
Bxf6 9.Nc3 O-O 10.O-O a6 11.Bb3 e5 12.d5 Ne7 13.h3 Ng6 14.Ne2 Bd7 15.Rc1 
Rc8 16.Bc2 Qb6 17.b3 Rc7 18.Bd3 Rfc8 19.Qd2 Bb5 20.Rxc7 Qxc7 21.Rc1 Qd7 
22.Rxc8+ Qxc8 23.Bxb5 axb5 24.Qc3 Qa8 25.Qb2 b4 26.g3 Qc8 27.Kg2 Bd8 28.
Qc1 Qa8 29.Qb2 Bb6 30.Nc1 Qc8 31.Nd3 Bc5 32.Qc2 b6 33.Nxb4 Qc7 34.Nc6 Ne7 
35.Nxe7+ Qxe7 36.Qc4 Qb7 37.b4 b5 38.Qc3 Bb6 39.Qc6 Qxc6 40.dxc6 f6 41.Ng1
Kf8 42.Ne2 Ke8 43.Nc3 Bd4 44.Nxb5 Bb2 45.Nxd6+ Kd8 46.b5 Kc7 47.Ne8+ Kb6 
48.Nxg7 Ba3 49.Nf5 Kc7 50.Kf3 Bb4 51.Ke2 Ba5 52.a4 1-0

[Event "Torneo Citta' di Milano A"]
[Site "Milano ITA"]
[Date "2007.05.18"]
[Round "1"]
[White "Zacco, Remo"]
[Black "Melino, Gianluca"]
[Result "1-0"]
[WhiteElo "2011"]
[BlackElo "1643"]
[PlyCount "59"]
[EventDate "2007.05.18"]

1.e4 c5 2.Nf3 Nc6 3.Bb5 e6 4.O-O a6 5.Bxc6 bxc6 6.e5 Ne7 7.Nc3 Nf5 8.Ne4 
Be7 9.d3 h6 10.b3 Qc7 11.Bb2 O-O 12.a4 Bb7 13.Nfd2 a5 14.Nc4 Ba6 15.Ne3 
Nd4 16.f4 d5 17.exd6 Bxd6 18.Nxd6 Qxd6 19.f5 Qd7 20.f6 g6 21.Ng4 Kh7 22.
Qd2 g5 23.Ne5 Qd5 24.Rae1 Nxb3 25.cxb3 Qxb3 26.h4 Rad8 27.Rf3 c4 28.hxg5 
cxd3 29.Rh3 Qc2 30.g6+ 1-0

[Event "Torneo Citta' di Milano A"]
[Site "Milano ITA"]
[Date "2007.05.18"]
[Round "1"]
[White "Zampar, Andrea"]
[Black "Ferraris, Fulvio"]
[Result "0-1"]
[WhiteElo "1502"]
[BlackElo "1739"]
[PlyCount "68"]
[EventDate "2007.05.18"]

1.d4 d5 2.Nf3 e6 3.Bf4 c5 4.c3 Nc6 5.e3 a6 6.Be2 Bd7 7.O-O Rc8 8.a3 Qb6 9.
Qd2 h6 10.h3 Nf6 11.b4 c4 12.Rc1 a5 13.Qe1 Na7 14.Nbd2 Nb5 15.Ne5 Bc6 16.
Ndxc4 dxc4 17.Nxc4 Qa7 18.Nxa5 Be7 19.c4 Nd6 20.Nxc6 bxc6 21.Rc2 O-O 22.
Rca2 Qb7 23.Qb1 Nde4 24.Qb3 Ra8 25.f3 Nd6 26.c5 Nf5 27.a4 Nd5 28.b5 Nxf4 
29.exf4 Nxd4 30.Qc4 Nxe2+ 31.Rxe2 cxb5 32.Qc2 Rfc8 33.Rc1 Bxc5+ 34.Kh2 
Bg1+ 0-1

[Event "Torneo Citta' di Milano A"]
[Site "Milano ITA"]
[Date "2007.05.19"]
[Round "2"]
[White "Astengo, Marcello"]
[Black "Rozzoni, Davide"]
[Result "1-0"]
[WhiteElo "2061"]
[BlackElo "1765"]
[PlyCount "55"]
[EventDate "2007.05.18"]

1.d4 g6 2.c4 Bg7 3.Nc3 d6 4.Nf3 Nd7 5.Bg5 h6 6.Bh4 g5 7.Bg3 e6 8.e3 b6 9.
Bd3 Bb7 10.O-O Ne7 11.Rc1 f5 12.Nd2 Nf6 13.Qe2 a6 14.Rfd1 O-O 15.c5 Qd7 
16.Nc4 Qc6 17.Qf1 Nh5 18.cxb6 Nxg3 19.hxg3 cxb6 20.Be2 b5 21.d5 exd5 22.
Nxd5 Nxd5 23.Na5 Qxc1 24.Rxc1 Bc8 25.Bf3 Be6 26.Rd1 Nb4 27.a3 Na2 28.Rxd6 
1-0

[Event "Torneo Citta' di Milano A"]
[Site "Milano ITA"]
[Date "2007.05.19"]
[Round "2"]
[White "Bosi, Gianfranco"]
[Black "Margstahler, Francesco"]
[Result "0-1"]
[WhiteElo "1610"]
[BlackElo "1684"]
[PlyCount "66"]
[EventDate "2007.05.18"]

1.e4 e5 2.Nf3 Nc6 3.d4 exd4 4.Bc4 Bc5 5.O-O Nge7 6.c3 d5 7.exd5 Nxd5 8.Qb3
Be6 9.Qxb7 Nde7 10.Bxe6 fxe6 11.cxd4 Rb8 12.Qa6 Bxd4 13.Nxd4 Nxd4 14.Be3 
Nec6 15.Nc3 O-O 16.Rfd1 Qf6 17.Ne4 Qe5 18.Qd3 Rbd8 19.Ng5 g6 20.Qc4 Qf5 
21.Rd2 Qg4 22.Rad1 Nf3+ 23.Nxf3 Qxc4 24.b3 Rxd2 25.Bxd2 Qd5 26.Ng5 Rd8 27.
f3 Qc5+ 28.Kf1 Rxd2 29.Rxd2 Qxg5 30.Rc2 Qd5 31.Kf2 Nb4 32.Rxc7 Qd2+ 33.Kf1
Nd3 0-1

[Event "Torneo Citta' di Milano A"]
[Site "Milano ITA"]
[Date "2007.05.19"]
[Round "2"]
[White "Corti, Filippo"]
[Black "Brighenti, Alessandro"]
[Result "1-0"]
[WhiteElo "1649"]
[BlackElo "1597"]
[PlyCount "51"]
[EventDate "2007.05.18"]

1.Nf3 Nf6 2.g3 g6 3.Bg2 Bg7 4.O-O O-O 5.d4 d5 6.Nbd2 c5 7.dxc5 Nc6 8.c3 a5
9.a4 e5 10.Nb3 Bf5 11.Nh4 Be6 12.Qc2 Qe7 13.Bg5 Rfd8 14.Nf3 h6 15.Bxf6 
Bxf6 16.Nfd2 Nb8 17.e4 d4 18.cxd4 exd4 19.Qd3 Na6 20.f4 Nb4 21.Qf3 Bd7 22.
e5 Bc6 23.exf6 Qxf6 24.Ne4 Qe6 25.f5 Qxe4 26.Qxe4 1-0

[Event "Torneo Citta' di Milano A"]
[Site "Milano ITA"]
[Date "2007.05.19"]
[Round "2"]
[White "D'Alessio, Angelo"]
[Black "Gervasio, Francesco"]
[Result "0-1"]
[WhiteElo "1440"]
[BlackElo "2064"]
[PlyCount "32"]
[EventDate "2007.05.18"]

1.e4 c5 2.Nf3 Nc6 3.d4 cxd4 4.Nxd4 g6 5.Nc3 Bg7 6.Be3 Nf6 7.f3 O-O 8.Qd2 
d5 9.Nxc6 bxc6 10.O-O-O Qa5 11.Kb1 Rb8 12.Nxd5 Rxb2+ 13.Kxb2 Nxe4+ 14.c3 
Nxd2 15.Nxe7+ Kh8 16.Bxd2 Qb4+ 0-1

[Event "Torneo Citta' di Milano A"]
[Site "Milano ITA"]
[Date "2007.05.19"]
[Round "2"]
[White "De Francisci, Lorenzo"]
[Black "Franzini, Stefano"]
[Result "0-1"]
[WhiteElo "1720"]
[BlackElo "1640"]
[PlyCount "62"]
[EventDate "2007.05.18"]

1.e4 c5 2.Nf3 Nc6 3.d4 cxd4 4.Nxd4 e5 5.Nf3 h6 6.c4 Nf6 7.Nc3 Bb4 8.Bd2 d6
9.h3 Bxc3 10.Bxc3 Nxe4 11.Rc1 Nxc3 12.Rxc3 Bf5 13.a3 O-O 14.Be2 Qe7 15.O-O
Nd8 16.Bd3 Bd7 17.Re1 Ne6 18.Be4 Bc6 19.Bxc6 bxc6 20.Rd3 Rad8 21.b4 Nf4 
22.Rd2 Qf6 23.Kh2 Rfe8 24.Qa4 d5 25.cxd5 cxd5 26.Nd4 Qg5 27.g3 Nxh3 28.Nf3
Qh5 29.Kg2 e4 30.Nh4 Qg4 31.Rxd5 Nf4+ 0-1

[Event "Torneo Citta' di Milano A"]
[Site "Milano ITA"]
[Date "2007.05.19"]
[Round "2"]
[White "Ferraris, Fulvio"]
[Black "Zacco, Remo"]
[Result "0-1"]
[WhiteElo "1739"]
[BlackElo "2011"]
[PlyCount "108"]
[EventDate "2007.05.18"]

1.d4 d6 2.c4 f5 3.Nc3 Nf6 4.Nf3 e6 5.Qc2 Be7 6.Bg5 O-O 7.Rd1 a5 8.e3 Qe8 
9.Bd3 Nc6 10.a3 Qh5 11.h3 Bd7 12.Ne2 Rae8 13.Bxf6 Bxf6 14.d5 Ne5 15.Nxe5 
Bxe5 16.f4 Bf6 17.dxe6 Bxe6 18.Kd2 Qf7 19.g4 b5 20.Rc1 bxc4 21.Bxc4 Bxc4 
22.Qxc4 Qxc4 23.Rxc4 Bxb2 24.Rxc7 fxg4 25.hxg4 Bxa3 26.Kd3 Rc8 27.Rxc8 
Rxc8 28.Nd4 Bb4 29.Rh2 h6 30.f5 Kf7 31.Rc2 Rxc2 32.Kxc2 Kf6 33.Kb3 d5 34.
Ka4 Bd2 35.Nf3 Bxe3 36.Kxa5 h5 37.gxh5 Kxf5 38.Kb4 Kg4 39.Nh2+ Kxh5 40.Nf1
Bf2 41.Kc3 Kg4 42.Kd3 Kf4 43.Ke2 Bb6 44.Nd2 g5 45.Nb1 Be3 46.Nc3 d4 47.
Nd5+ Ke4 48.Nf6+ Ke5 49.Ng4+ Kf4 50.Nf6 g4 51.Nh5+ Kg5 52.Ng3 Kh4 53.Nf5+ 
Kh3 54.Kf1 g3 0-1

[Event "Torneo Citta' di Milano A"]
[Site "Milano ITA"]
[Date "2007.05.19"]
[Round "2"]
[White "Giannini, Mario"]
[Black "Mariucci, Felice"]
[Result "1-0"]
[WhiteElo "1780"]
[BlackElo "1649"]
[PlyCount "65"]
[EventDate "2007.05.18"]

1.e4 e5 2.Nf3 Nc6 3.Bb5 d6 4.c3 a6 5.Ba4 Bg4 6.O-O Nf6 7.h3 Bh5 8.g4 Bg6 
9.d3 Be7 10.Nh4 d5 11.Nxg6 hxg6 12.exd5 Qxd5 13.Bb3 Qd6 14.Qf3 Na5 15.Bc2 
O-O-O 16.Nd2 Rh7 17.Kg2 Rdh8 18.Rh1 Qe6 19.b4 Nc6 20.Bb3 Qd6 21.Bxf7 Rf8 
22.Bxg6 Rh6 23.Bf5+ Nd7 24.Qe2 Qd5+ 25.Ne4 Rhh8 26.Be3 Kb8 27.Bxd7 Qxd7 
28.a4 Bh4 29.b5 axb5 30.axb5 Ne7 31.Qa2 c6 32.Qa8+ Kc7 33.b6# 1-0

[Event "Torneo Citta' di Milano A"]
[Site "Milano ITA"]
[Date "2007.05.19"]
[Round "2"]
[White "Madaschi, Sergio"]
[Black "Baccarin, Stefano"]
[Result "1/2-1/2"]
[WhiteElo "1511"]
[BlackElo "1667"]
[PlyCount "101"]
[EventDate "2007.05.18"]

1.e4 c5 2.Nc3 d6 3.g3 g6 4.d3 Bg7 5.Bg2 e6 6.f4 Nc6 7.Nf3 Nge7 8.O-O O-O 
9.Be3 Nd4 10.Rb1 b6 11.Ne2 Nxf3+ 12.Bxf3 Bb7 13.d4 Qc7 14.Nc3 a6 15.Qd2 
Rad8 16.Qf2 cxd4 17.Bxd4 Bxd4 18.Qxd4 d5 19.e5 Nf5 20.Qf2 b5 21.a3 Rd7 22.
g4 Ng7 23.Rfd1 f5 24.g5 Rfd8 25.Rd4 Rc8 26.Rc1 Qa5 27.Ne2 Rdc7 28.c3 Rc4 
29.Rxc4 Rxc4 30.Nd4 Qc7 31.h4 Qc8 32.Kg2 Qd7 33.Rh1 Rc7 34.h5 Qf7 35.hxg6 
hxg6 36.Rh6 Bc6 37.Qh4 Kf8 38.Rh8+ Ke7 39.Qh6 Be8 40.Rh7 Kd8 41.Nxe6+ Qxe6
42.Rxg7 Rc4 43.Kg3 Qb6 44.Qh2 Qe3 45.Qh4 Qg1+ 46.Bg2 Qe3+ 47.Bf3 Qg1+ 48.
Kh3 Qe3 49.Kg3 Qg1+ 50.Kh3 Qe3 51.Kg3 1/2-1/2

[Event "Torneo Citta' di Milano A"]
[Site "Milano ITA"]
[Date "2007.05.19"]
[Round "2"]
[White "Marchesotti, Giovanni"]
[Black "Arboscelli, Gregorio"]
[Result "0-1"]
[WhiteElo "1590"]
[BlackElo "1899"]
[PlyCount "50"]
[EventDate "2007.05.18"]

1.f4 d5 2.Nf3 Nf6 3.e3 g6 4.Be2 Bg7 5.d4 O-O 6.O-O c5 7.c3 c4 8.b3 b5 9.
bxc4 bxc4 10.Na3 Qa5 11.Bb2 Bd7 12.Ne5 Ba4 13.Qc1 Nbd7 14.Bd1 Nxe5 15.fxe5
Ne4 16.Bc2 Bxc2 17.Qxc2 Rab8 18.Rab1 Rfc8 19.Qc1 e6 20.Re1 Bf8 21.Nc2 Rb7 
22.a3 Rcb8 23.Nb4 Qa4 24.Re2 a5 25.Na6 Ra8 0-1

[Event "Torneo Citta' di Milano A"]
[Site "Milano ITA"]
[Date "2007.05.19"]
[Round "2"]
[White "Martelli, Tommaso"]
[Black "Didoni, Renato"]
[Result "1-0"]
[WhiteElo "1808"]
[BlackElo "2043"]
[PlyCount "75"]
[EventDate "2007.05.18"]

1.e4 e5 2.Nf3 d6 3.Bc4 Be7 4.d4 Nd7 5.Be3 Ngf6 6.Nbd2 c6 7.dxe5 dxe5 8.Qe2
Ng4 9.O-O-O Nxe3 10.Qxe3 Qb6 11.Qe2 Qc7 12.a3 b5 13.Ba2 a5 14.h4 a4 15.Ng5
Bxg5 16.hxg5 Nf8 17.Nf3 Be6 18.Bxe6 Nxe6 19.g3 O-O 20.Rh5 g6 21.Rh6 Rfd8 
22.Rdh1 Nf8 23.Nh2 Qe7 24.f4 exf4 25.gxf4 f6 26.Qe3 fxg5 27.fxg5 Qe6 28.
Kb1 b4 29.Qe2 bxa3 30.Ng4 Ra7 31.Nf6+ Kh8 32.Qe3 a2+ 33.Ka1 a3 34.Qc3 c5 
35.Nxh7+ Rd4 36.Nxf8+ Kg8 37.Rh8+ Kf7 38.R1h7+ 1-0

[Event "Torneo Citta' di Milano A"]
[Site "Milano ITA"]
[Date "2007.05.19"]
[Round "2"]
[White "Martinez, Rolly"]
[Black "Carbone, Lorenzo"]
[Result "1-0"]
[WhiteElo "2422"]
[BlackElo "1820"]
[PlyCount "51"]
[EventDate "2007.05.18"]

1.e4 c5 2.Nf3 d6 3.d4 cxd4 4.Nxd4 Nf6 5.Nc3 a6 6.Be3 e6 7.g4 Nfd7 8.g5 Qc7
9.f4 b5 10.a3 Bb7 11.f5 e5 12.Nb3 Nc5 13.Nxc5 dxc5 14.Nd5 Bxd5 15.Qxd5 Nc6
16.g6 hxg6 17.fxg6 f6 18.O-O-O Bd6 19.Qxd6 Qxd6 20.Rxd6 Ne7 21.Bxc5 Nxg6 
22.Rxa6 Rb8 23.Ra5 Kf7 24.Bxb5 Nf4 25.Bc4+ Kg6 26.Rg1+ 1-0

[Event "Torneo Citta' di Milano A"]
[Site "Milano ITA"]
[Date "2007.05.19"]
[Round "2"]
[White "Melino, Gianluca"]
[Black "Patrucco, Carlo"]
[Result "0-1"]
[WhiteElo "1643"]
[BlackElo "1685"]
[PlyCount "122"]
[EventDate "2007.05.18"]

1.d4 Nf6 2.Bg5 c5 3.Bxf6 gxf6 4.d5 f5 5.c3 d6 6.e3 Bg7 7.Bd3 e5 8.dxe6 
fxe6 9.Qh5+ Kf8 10.Nh3 Qe8 11.Qf3 Nd7 12.O-O Ne5 13.Qe2 d5 14.Na3 a6 15.f4
Ng4 16.Nf2 h5 17.Rad1 b5 18.h3 Nf6 19.Bb1 Bb7 20.b4 Rc8 21.Nc2 h4 22.Ne1 
Nh5 23.Nh1 Bxc3 24.bxc5 Bxe1 25.Qxe1 Qe7 26.Qc3 Rg8 27.Rf2 Qxc5 28.Qe5 Qe7
29.Kh2 Qf6 30.Qd6+ Kg7 31.Bc2 Rc6 32.Qb4 Rgc8 33.Bb3 Kh6 34.Qe1 Qg7 35.Rf3
Rg8 36.Qf2 Qf6 37.Rg1 Rc7 38.g4 hxg3+ 39.Nxg3 Nxg3 40.Rfxg3 Rxg3 41.Rxg3 
Rg7 42.Rxg7 Qxg7 43.Qh4+ Kg6 44.Qg5+ Kf7 45.h4 Qxg5 46.hxg5 Kg6 47.Kg3 a5 
48.a3 b4 49.axb4 axb4 50.Kf2 Ba6 51.Ke1 Bc4 52.Bc2 b3 53.Bb1 e5 54.Kd2 
exf4 55.exf4 d4 56.Ke1 Bd5 57.Kd2 Be4 58.Kc1 Bxb1 59.Kxb1 d3 60.Kc1 Kh5 
61.Kd2 b2 0-1

[Event "Torneo Citta' di Milano A"]
[Site "Milano ITA"]
[Date "2007.05.19"]
[Round "2"]
[White "Mileo, Pierpaolo"]
[Black "Bracci, Andrea"]
[Result "1-0"]
[WhiteElo "1676"]
[BlackElo "1440"]
[PlyCount "67"]
[EventDate "2007.05.18"]

1.c4 f5 2.Nc3 Nf6 3.g3 g6 4.Bg2 Bg7 5.Nf3 d6 6.d4 c6 7.O-O O-O 8.Qc2 Na6 
9.a3 c5 10.e3 cxd4 11.exd4 Nc7 12.Bf4 Ne6 13.Be3 Ng4 14.Qd2 Nxe3 15.fxe3 
a6 16.b4 h6 17.Nh4 Kh7 18.Nd5 Nc7 19.Nb6 Rb8 20.Rad1 Be6 21.d5 Bg8 22.c5 
Nb5 23.Qd3 Na7 24.e4 Nc8 25.exf5 Nxb6 26.fxg6+ Kh8 27.Rxf8 Qxf8 28.cxb6 
Rc8 29.Rf1 Qd8 30.Nf5 Qxb6+ 31.Kh1 Rc3 32.Qe4 Be5 33.g7+ Kh7 34.Nxe7+ 1-0

[Event "Torneo Citta' di Milano A"]
[Site "Milano ITA"]
[Date "2007.05.19"]
[Round "2"]
[White "Rossi, Giampiero"]
[Black "Cani, Gazmir"]
[Result "1-0"]
[WhiteElo "2010"]
[BlackElo "1440"]
[PlyCount "90"]
[EventDate "2007.05.18"]

1.d4 Nf6 2.c4 e6 3.Nc3 Bb4 4.Qc2 d5 5.cxd5 exd5 6.Bg5 Qd6 7.Bxf6 Qxf6 8.a3
Bxc3+ 9.Qxc3 c6 10.e3 O-O 11.Nf3 Bf5 12.Be2 Nd7 13.Rc1 Rfe8 14.O-O Be4 15.
Nd2 Bf5 16.Rfe1 Qd6 17.Nf1 Nf6 18.Ng3 Bg6 19.Bd3 Ne4 20.Bxe4 Bxe4 21.b4 
Qg6 22.Nxe4 Rxe4 23.Qd3 Qg5 24.Rc5 Re6 25.Rec1 h5 26.b5 Rg6 27.g3 Rc8 28.
bxc6 Rcxc6 29.Rxc6 bxc6 30.Qa6 h4 31.Rxc6 h3 32.Rxg6 fxg6 33.Qc8+ Kf7 34.
Qd7+ Kf6 35.Qxh3 Qf5 36.Qxf5+ gxf5 37.Kf1 Ke6 38.Ke2 Kd6 39.Kd3 Kc6 40.Kc3
Kb5 41.Kb3 a5 42.h4 Kc6 43.f3 g6 44.g4 fxg4 45.fxg4 Kd6 1-0

[Event "Torneo Citta' di Milano A"]
[Site "Milano ITA"]
[Date "2007.05.19"]
[Round "2"]
[White "Stips, Felix"]
[Black "Travaglini, Renzo"]
[Result "1-0"]
[WhiteElo "2029"]
[BlackElo "1616"]
[PlyCount "67"]
[EventDate "2007.05.18"]

1.e4 e6 2.d4 d5 3.Nc3 Bb4 4.e5 c5 5.a3 Bxc3+ 6.bxc3 Qc7 7.Nf3 Ne7 8.h4 
Nbc6 9.h5 h6 10.Rh4 cxd4 11.cxd4 Bd7 12.Bd3 Na5 13.Rg4 Kf8 14.Nh4 Nf5 15.
Bd2 Nc6 16.Nxf5 exf5 17.Rh4 Be6 18.Qf3 Qd7 19.a4 a6 20.Bc1 Na5 21.Ba3+ Ke8
22.Bb4 Nc4 23.Rf4 g5 24.hxg6 fxg6 25.g4 g5 26.Rxf5 Bxf5 27.gxf5 Nb2 28.e6 
Nxd3+ 29.cxd3 Qc6 30.Qe3 a5 31.Rc1 Qxa4 32.Bd6 Rd8 33.Qe5 Rh7 34.f6 1-0

[Event "Torneo Citta' di Milano A"]
[Site "Milano ITA"]
[Date "2007.05.19"]
[Round "2"]
[White "Torelli, Mauro"]
[Black "Di Chiara, Mauro"]
[Result "1/2-1/2"]
[WhiteElo "1634"]
[BlackElo "1794"]
[PlyCount "81"]
[EventDate "2007.05.18"]

1.d4 f5 2.Nf3 g6 3.Nbd2 Bg7 4.e3 d6 5.c3 e5 6.dxe5 dxe5 7.Bc4 Nc6 8.b4 a6 
9.Qb3 Nh6 10.h4 e4 11.Ng5 Ne5 12.Bb2 Nxc4 13.Qxc4 Qe7 14.O-O Nf7 15.Qxf7+ 
Qxf7 16.Nxf7 Kxf7 17.f3 exf3 18.Nxf3 h6 19.Rad1 Be6 20.a3 Rad8 21.Nd4 Bc4 
22.Rf2 Bf6 23.h5 Bg5 24.hxg6+ Kxg6 25.Bc1 Rhe8 26.e4 fxe4 27.Bxg5 hxg5 28.
Re1 Bd3 29.Re3 Rf8 30.Ne6 Rxf2 31.Kxf2 Re8 32.Nc5 Rf8+ 33.Kg3 Bc2 34.Nxb7 
Rf6 35.Nc5 Rd6 36.Nxe4 Bxe4 37.Rxe4 Rd3+ 38.Kf2 Kf5 39.Re3 Rd2+ 40.Re2 Rd3
41.Re3 1/2-1/2

[Event "Torneo Citta' di Milano A"]
[Site "Milano ITA"]
[Date "2007.05.19"]
[Round "2"]
[White "Villalba, Fernando"]
[Black "Chinnici, Giorgio"]
[Result "1/2-1/2"]
[WhiteElo "1896"]
[BlackElo "1727"]
[PlyCount "96"]
[EventDate "2007.05.18"]

1.d4 d5 2.Nf3 Nf6 3.Bf4 Bg4 4.h3 Bh5 5.e3 e6 6.Be2 Bd6 7.Ne5 Bxe2 8.Qxe2 
Nbd7 9.Nd2 O-O 10.O-O Qe7 11.c4 c5 12.cxd5 Nxd5 13.Bg3 f6 14.Nxd7 Qxd7 15.
Bxd6 Qxd6 16.Ne4 Qe7 17.Nxc5 b6 18.Nd3 e5 19.e4 exd4 20.Qd1 Qxe4 21.Re1 
Qf5 22.Qb3 Kh8 23.Red1 Rfe8 24.Re1 Rac8 25.a4 Qd7 26.Rad1 Rxe1+ 27.Rxe1 h6
28.Re4 Qc6 29.Rxd4 Ne7 30.Qf7 Qe8 31.Qxe8+ Rxe8 32.Re4 Rd8 33.Rxe7 Rxd3 
34.Rxa7 Rb3 35.a5 bxa5 36.Rxa5 Rxb2 37.g4 Kg8 38.Ra7 Rb5 39.Kg2 f5 40.Kg3 
fxg4 41.hxg4 Kh7 42.f4 Rb6 43.g5 hxg5 44.fxg5 Kg6 45.Ra5 Rb3+ 46.Kg4 Rb4+ 
47.Kg3 Rb3+ 48.Kg4 Rb4+ 1/2-1/2

[Event "Torneo Citta' di Milano A"]
[Site "Milano ITA"]
[Date "2007.05.19"]
[Round "3"]
[White "Arboscelli, Gregorio"]
[Black "Mileo, Pierpaolo"]
[Result "1-0"]
[WhiteElo "1899"]
[BlackElo "1676"]
[PlyCount "99"]
[EventDate "2007.05.18"]

1.d4 e6 2.e4 d5 3.Nc3 Bb4 4.e5 c5 5.a3 Bxc3+ 6.bxc3 Ne7 7.a4 Nbc6 8.Nf3 
O-O 9.Bd3 c4 10.Be2 f6 11.Ba3 Qe8 12.Qd2 Bd7 13.h4 fxe5 14.dxe5 Qf7 15.
O-O-O Qf4 16.h5 Qxd2+ 17.Rxd2 Rf4 18.g3 Rf5 19.g4 Rf4 20.Rh3 Rxg4 21.Nd4 
Rg1+ 22.Kb2 Nxd4 23.cxd4 Nf5 24.a5 Rc8 25.c3 Be8 26.Rd1 Rg2 27.Rf1 Rc6 28.
Bf3 Rg5 29.Kb1 Nh6 30.Bc1 Rf5 31.Rg1 Kf8 32.Ba3+ Kg8 33.Rhg3 Rc7 34.Bc1 
Rxf3 35.Rxf3 Nf5 36.Rh3 h6 37.Kc2 Kf8 38.Ba3+ Kg8 39.Bc5 a6 40.Rb1 g6 41.
hxg6 Bxg6 42.Rg1 Kh7 43.Kd2 Rg7 44.Rgh1 h5 45.Bb6 Bf7 46.Bd8 Rg2 47.Ke1 
Kh6 48.Bf6 Be8 49.Ke2 Bf7 50.Rb1 1-0

[Event "Torneo Citta' di Milano A"]
[Site "Milano ITA"]
[Date "2007.05.19"]
[Round "3"]
[White "Bracci, Andrea"]
[Black "Madaschi, Sergio"]
[Result "1-0"]
[WhiteElo "1440"]
[BlackElo "1511"]
[PlyCount "103"]
[EventDate "2007.05.18"]

1.e4 d6 2.d4 Nf6 3.Nc3 g6 4.Nf3 Bg7 5.Be2 O-O 6.h3 c5 7.Be3 cxd4 8.Nxd4 
Nc6 9.Qd2 Nxd4 10.Bxd4 Be6 11.g4 a6 12.g5 Nd7 13.Bxg7 Kxg7 14.f4 f5 15.h4 
Nc5 16.Qd4+ Kf7 17.h5 Rh8 18.exf5 Bxf5 19.O-O-O Qd7 20.Bc4+ Be6 21.f5 Bxc4
22.fxg6+ hxg6 23.Qxc4+ Qe6 24.Qf4+ Kg7 25.h6+ Kh7 26.Rhe1 Rhf8 27.Qd4 Qf7 
28.Kb1 Rac8 29.Rf1 Qg8 30.Rxf8 Rxf8 31.Nd5 Qf7 32.a3 Nd7 33.Qa7 Qf3 34.Qd4
Rf7 35.Re1 Ne5 36.Nxe7 Rxe7 37.Qxd6 Rd7 38.Qxe5 Rf7 39.Qc5 Qf4 40.Re7 Qf1+
41.Ka2 Qf4 42.b3 b6 43.Rxf7+ Qxf7 44.Qxb6 Qe7 45.Qf6 Qxf6 46.gxf6 Kxh6 47.
c4 g5 48.c5 g4 49.c6 g3 50.c7 g2 51.c8=Q g1=Q 52.Qh8+ 1-0

[Event "Torneo Citta' di Milano A"]
[Site "Milano ITA"]
[Date "2007.05.19"]
[Round "3"]
[White "Cani, Gazmir"]
[Black "Marchesotti, Giovanni"]
[Result "0-1"]
[WhiteElo "1440"]
[BlackElo "1590"]
[PlyCount "102"]
[EventDate "2007.05.18"]

1.e4 c6 2.d4 d5 3.exd5 cxd5 4.Bd3 Nf6 5.c3 Nc6 6.Nf3 e6 7.Bf4 Be7 8.Ne5 
Qb6 9.Qc2 Bd7 10.a4 Rc8 11.O-O Nxd4 12.Nxd7 Nxd7 13.Qd1 Nc6 14.b4 Qd8 15.
Na3 Nce5 16.Bxe5 Nxe5 17.Bb5+ Nd7 18.Rc1 a6 19.Bd3 Ne5 20.Re1 Nxd3 21.Qxd3
O-O 22.Red1 Qc7 23.g3 Qb8 24.Nc2 Bf6 25.Ne3 g6 26.Ng4 Bg7 27.h4 Rc4 28.Qf3
f5 29.Ne3 Re4 30.Kg2 Bh6 31.Rc2 Bxe3 32.fxe3 Rc4 33.Rd4 Rfc8 34.h5 Rxc3 
35.Rxc3 Rxc3 36.hxg6 hxg6 37.a5 Qe5 38.Kf2 Rc2+ 39.Ke1 Qc7 40.Rd2 Qc3 41.
Qe2 Rxd2 42.Qxd2 Qxd2+ 43.Kxd2 Kf7 44.Kd3 Ke7 45.Kc3 Kd6 46.Kd4 g5 47.Kc3 
Ke5 48.b5 f4 49.exf4+ gxf4 50.gxf4+ Kxf4 51.Kd4 axb5 0-1

[Event "Torneo Citta' di Milano A"]
[Site "Milano ITA"]
[Date "2007.05.19"]
[Round "3"]
[White "Carbone, Lorenzo"]
[Black "Corti, Filippo"]
[Result "1/2-1/2"]
[WhiteElo "1820"]
[BlackElo "1649"]
[PlyCount "42"]
[EventDate "2007.05.18"]

1.e4 c6 2.c4 d6 3.d4 Nf6 4.Nc3 g6 5.f4 Bg7 6.Nf3 Bg4 7.h3 Bxf3 8.Qxf3 Nfd7
9.e5 Qc7 10.Be3 Na6 11.a3 c5 12.Nb5 Qb8 13.exd6 exd6 14.f5 O-O 15.fxg6 
hxg6 16.Bd3 cxd4 17.Bf4 Ne5 18.Bxe5 dxe5 19.b4 Nc7 20.Nd6 f5 21.c5 Bf6 
1/2-1/2

[Event "Torneo Citta' di Milano A"]
[Site "Milano ITA"]
[Date "2007.05.19"]
[Round "3"]
[White "Chinnici, Giorgio"]
[Black "D'Alessio, Angelo"]
[Result "1-0"]
[WhiteElo "1727"]
[BlackElo "1440"]
[PlyCount "45"]
[EventDate "2007.05.18"]

1.e4 e6 2.d4 d5 3.c4 dxe4 4.Nc3 Nf6 5.f3 Nc6 6.d5 Ne5 7.Bg5 Be7 8.dxe6 
Bxe6 9.Bxf6 Bxf6 10.Nxe4 O-O 11.Qxd8 Bxd8 12.b3 Be7 13.O-O-O a5 14.Ne2 a4 
15.N2c3 axb3 16.axb3 c6 17.Kc2 Ra3 18.Rb1 f5 19.Nf2 Bf6 20.Nd3 Nxc4 21.Nc5
Bf7 22.Bxc4 Bxc3 23.Bxf7+ 1-0

[Event "Torneo Citta' di Milano A"]
[Site "Milano ITA"]
[Date "2007.05.19"]
[Round "3"]
[White "De Francisci, Lorenzo"]
[Black "Melino, Gianluca"]
[Result "0-1"]
[WhiteElo "1720"]
[BlackElo "1643"]
[PlyCount "70"]
[EventDate "2007.05.18"]

1.e4 c5 2.Nf3 Nc6 3.d4 cxd4 4.Nxd4 Nf6 5.Nxc6 bxc6 6.Bd3 e5 7.c4 Bb4+ 8.
Bd2 Qb6 9.O-O Bxd2 10.Qxd2 O-O 11.Nc3 Rb8 12.b3 d6 13.Be2 Rd8 14.Bf3 Be6 
15.Rad1 Rd7 16.Rfe1 Rbd8 17.Qe3 Qxe3 18.Rxe3 Kf8 19.Red3 Ke7 20.g3 h5 21.
Bg2 g5 22.h3 Ne8 23.f3 Nc7 24.g4 h4 25.Kf2 d5 26.cxd5 cxd5 27.Ke2 d4 28.
Na4 Nb5 29.Kd2 Rc7 30.Rc1 Rdc8 31.Rxc7+ Rxc7 32.Bf1 Na3 33.Kd1 Bd7 34.Nb2 
Bb5 35.Nc4 Nxc4 0-1

[Event "Torneo Citta' di Milano A"]
[Site "Milano ITA"]
[Date "2007.05.19"]
[Round "3"]
[White "Di Chiara, Mauro"]
[Black "Sciarra, Giuseppe"]
[Result "1-0"]
[WhiteElo "1794"]
[BlackElo "1568"]
[PlyCount "53"]
[EventDate "2007.05.18"]

1.e4 c5 2.g3 Nc6 3.Bg2 d6 4.d3 e6 5.Nd2 Nf6 6.Nh3 Be7 7.f4 Qb6 8.Nc4 Qc7 
9.O-O b5 10.Ne3 Bb7 11.c3 h6 12.d4 cxd4 13.cxd4 Qb6 14.Nc2 Rd8 15.Be3 Qc7 
16.Rc1 Qb8 17.d5 exd5 18.exd5 Na5 19.b3 Qa8 20.Nb4 Rc8 21.Rxc8+ Bxc8 22.
Qd3 a6 23.Bb6 Nb7 24.Re1 Nc5 25.Bxc5 dxc5 26.d6 Be6 27.Bxa8 1-0

[Event "Torneo Citta' di Milano A"]
[Site "Milano ITA"]
[Date "2007.05.19"]
[Round "3"]
[White "Didoni, Renato"]
[Black "Torelli, Mauro"]
[Result "0-1"]
[WhiteElo "2043"]
[BlackElo "1634"]
[PlyCount "70"]
[EventDate "2007.05.18"]

1.Nf3 g6 2.e4 Bg7 3.d4 d6 4.Be2 Nd7 5.O-O e6 6.c4 b6 7.Nc3 Ne7 8.Be3 Bb7 
9.Qd2 h6 10.Rad1 a6 11.Bd3 g5 12.h3 Ng6 13.Nh2 Nf4 14.Bb1 Qf6 15.Ng4 Qe7 
16.Bxf4 gxf4 17.Qxf4 h5 18.Nh2 Bh6 19.Qf3 O-O-O 20.Qe2 Rdg8 21.Kh1 Bf4 22.
f3 Qh4 23.Rg1 Rg7 24.Nf1 Rhg8 25.g3 Bxg3 26.Nh2 Bf2 27.Rxg7 Rxg7 28.Rf1 
Bxd4 29.Qd2 Qxh3 30.a4 Nf6 31.Rf2 Bxf2 32.Qxf2 h4 33.Bd3 Nh5 34.Ne2 Ng3+ 
35.Nxg3 hxg3 0-1